00341nam a2200109Ia 4500008004100000082002000041100001800061245003700079260002400116630001800140650007300158211122s9999||||xx |||||||||||||| ||und|| a894.8123bPAD-P aPadmarajan, P 0aPadmarajante Kathakal Sampoornam bD c BooksaKottayam xGeneral Stack aMalayalam LiteraturevMalayalam FictionMalayalam NovelsShort Stories